LIBRARY & INFORMATION CENTRE, KCAET, TAVANUR

ONLINE PUBLIC ACCESS CATALOGUE (OPAC)

Manushyahridayangal / (Record no. 572)

MARC details
000 -LEADER
fixed length control field 00437cam a2200181ua 4500
041 ## - LANGUAGE CODE
Language code of text/sound track or separate title mal
082 ## - DEWEY DECIMAL CLASSIFICATION NUMBER
Classification number 894.812 2
Item number CHE/MA
100 ## - MAIN ENTRY--AUTHOR NAME
Personal name Cherukat, .
245 ## - TITLE STATEMENT
Title Manushyahridayangal /
260 ## - PUBLICATION, DISTRIBUTION, ETC. (IMPRINT)
Place of publication Thrissur :
Name of publisher Current Books ,
Year of publication 1958.
300 ## - PHYSICAL DESCRIPTION
Number of Pages 108 ; .
650 ## - SUBJECT ADDED ENTRY--TOPICAL TERM
Topical Term Drama - Malayalam
942 ## - ADDED ENTRY ELEMENTS (KOHA)
Koha item type Books
Holdings
Withdrawn status Lost status Damaged status Home library Current library Date acquired Cost, normal purchase price Full call number Accession Number Koha item type
Withdrawn     KAUAET KAUAET 07/04/2012 1.50 894.812 2 1775 Books
free website counter